000
00186nam a22000977a 4500
003
SGT
245
_a
THE BRITISH MEDICAL JOURNAL
260
_b
BMJ
_c
2010
300
_a
725
942
_2
ddc
_c
BV
999
_c
19664
_d
19664